00750nam a2200205 a 450000100100000000500170001000800410002704000250006808200180009310000250011124500540013626000550019030000170024550000320026259000270029465000470032191000370036895201220040599900170052700003053720200930062351.0110523s1927 dr r 000 0 spa d aDO-SdBNPbspacBNPHU a784.18bA797d1 aArzemo, Julio95716210aDel folk-lore musical dominicano /cJulio Arzemo. aSanto Domingo :bImp. La Cuna de América,c1927. av. ;c25 cm. aLa biblioteca posee el v. 1 aInventariado, 2018/ YL 4aCanciones folclóricas dominicanas926921 aValidado. Control de calidad MFF 001050718RVaPDbPDcHDd2011-05-23iLF1l0o784.18 A797d | v.1p30537-10r2020-06-25w2020-06-25y1ZNo se presta c30029d30029